|
|
|
|
| LEADER |
00887nam a22002532a 4500 |
| 001 |
000077577 |
| 003 |
CZ BrMZK |
| 005 |
20220414140722.0 |
| 007 |
ta |
| 008 |
020313s1910 xr f |||| 0 cze d |
| 015 |
|
|
|a cnb000786762
|z cnb000698711
|
| 040 |
|
|
|a ABA001
|b cze
|
| 041 |
0 |
|
|a cze
|a lat
|
| 100 |
1 |
|
|a Pražák, Josef Miroslav,
|d 1860-1938
|7 jk01100962
|4 aut
|
| 245 |
1 |
0 |
|a Latinsko-český slovník :
|b k potřebě gymnasií a reálných gymnasií /
|c sestavili Josef M. Pražák, Frant. Novotný, Josef Sedláček
|
| 260 |
|
|
|a Praha :
|b Unie,
|c 1910
|
| 300 |
|
|
|a viii, 1336 s.
|
| 700 |
1 |
|
|a Sedláček, Josef,
|d 1866-1923
|7 jk01110503
|4 aut
|
| 700 |
1 |
|
|a Novotný, František,
|d 1881-1964
|7 jk01090667
|4 aut
|
| 910 |
|
|
|a BOA001
|b 1-0038.243
|
| 990 |
|
|
|a BK
|
| 993 |
|
|
|a Y
|
| 991 |
|
|
|b 202204
|
| 996 |
6 |
|
|b 2619963364
|c 1-0038.243
|l MZK
|r Sklad / do 1 hodiny
|n 0
|w 000077577
|u 000010
|a 1
|e BOA001
|j MZK50
|s P
|